000 00500nam a2200169 i 4500
001 36017
003 ES-MaACL
005 20230906155256.0
007 t|
008 030214s1966 sp ||||1| spa d
100 1 _aBresch, Carsten.
_931605
245 1 0 _aGenética clásica y molecular /
_cCarsten Bresch ; [versión por Arturo Gullón].
260 _aMadrid :
_bRialp,
_c[1966]
300 _a550 p., 4 lám. ;
_c22 cm.
700 1 _aGullón, Arturo.
_960935
852 _aES-MaACL
_jC-30709
_bR.60913
999 _c36017
_d36017